| 000 | 02510nam a22002777a 4500 | ||
|---|---|---|---|
| 001 | 114139 | ||
| 003 | DR-UNIBE | ||
| 005 | 20251006120906.0 | ||
| 008 | 251006b2025 dr ||||| |||| 00| 0 spa d | ||
| 020 | _a9789945505290 | ||
| 040 |
_aBIBLIOTECA UNIBE _cBIBLIOTECA UNIBE _erda |
||
| 041 | _aspa | ||
| 082 | _aRD 321.8 A162d | ||
| 100 |
_aAbreu, Radamés _985580 _eautor |
||
| 245 | 1 | 4 |
_aLos desafíos del siglo XXI / _cRadamés Abreu |
| 260 |
_aSanto Domingo : _b[Editor no identificado], _c2025 |
||
| 300 | _a249 páginas | ||
| 505 | _aCapítulo I. Los orígenes de la democracia | Capítulo II. Los fundamentos | Capítulo III. Los sistemas adversarios | Capítulo IV. Luchas de contrarios | Capítulo V. Relación entre capitalismo, democracia y comunismo | Capítulo VI. Los problemas del sistema comunista | Capítulo VIII. Los desafíos de la democracia | Capítulo VIII. La democracia en América Latina | Capítulo IX. El papel de los partidos políticos | Capítulo X. Las dictaduras y sus consecuencias | Capítulo XI. La educación es determinante | Capítulo XII. La calidad educativa | Capítulo XIII. Riqueza y democracia | Capítulo XIV. El ranking del sistema democrático | Capítulo XV. Los países con mayor economía global | Capítulo XVI. Los mejores sistemas de salud | Capítulo XVII. Acciones en favor de la salud de América Latina | Capítulo XVIII. El mayor desafío de la humanidad | Capítulo XIX. Para vencer los mayores desafíos | Capítulo XX. Hacia una cultura democrática | | ||
| 520 | 3 | _aLos desafíos del presente siglo convocan a todos los humanos acuciosos de todos los continentes, a pensar de modo profundo y creativo en aras de construir las herramientas ideológicas y prácticas para poder vencer los grandes y graves desafíos que tenemos los habitantes que poblamos el planeta Tierra. Estos nos conducen a evaluar los sistemas políticos, económicos y sociales que han creado y elaborado los pensadores iluminados que pasaron por la vida y legaron a la humanidad ideas y fundamentos que han servido de ejes para que encontremos el sistema para enfrentar los mayores desafíos y lograr perpetuar la paz mediante el intercambio y la cooperación de los ciudadanos de todos los países. | |
| 650 | 7 |
_2lemb _aCiencias políticas |
|
| 650 | 7 |
_2lemb _aEconomía |
|
| 650 | 7 |
_2lemb _aDemocracia |
|
| 700 |
_aMéndez, Pastora _9199547 _ecorrector |
||
| 700 |
_aAlemany Ripoll, Judith _ecorrector _9199551 |
||
| 942 |
_2ddc _cBK |
||
| 999 |
_c114139 _d114139 |
||